| 000 | 01030 a2200313 4500 | ||
|---|---|---|---|
| 999 |
_c200002544 _d29941 |
||
| 001 | 200002544 | ||
| 003 | TR-AnTOB | ||
| 005 | 20241125111745.0 | ||
| 008 | 110326s2010 tu 000 0 d | ||
| 020 | _a9789758195503 | ||
| 040 |
_aTR-AnTOB _cTR-AnTOB |
||
| 041 | _atur | ||
| 050 | 4 |
_aLA948.7 _b.Ş34 2010 |
|
| 090 | _aLA948.7 .Ş34 2010 | ||
| 100 | 1 |
_aŞahin, Osman _918999 |
|
| 245 | 1 | 0 |
_aUlusal ve uluslararası belgelerde Türk yükseköğretimi / _cOsman Şahin. |
| 264 | 1 |
_aAnkara : _bMaliye Bakanlığı Strateji Geliştirme Başkanlığı, _c2010. |
|
| 300 |
_axv, 690 p. : _c24 cm. |
||
| 336 |
_2rdacontent _atext _btxt |
||
| 337 |
_2rdamedia _aunmediated _bn |
||
| 338 |
_2rdacarrier _avolume _bnc |
||
| 490 | 0 |
_aMaliye Bakanlığı Strateji Geliştirme Başkanlığı ; _v2010/410 |
|
| 504 | _aIncludes bibliographical references p. 689-690 | ||
| 650 | 0 |
_aEducation, Higher _zTurkey _xTurkey _954753 |
|
| 650 | 0 |
_aEğitim, Yüksek _zTürkiye _981935 |
|
| 910 | _a0035031 | ||
| 942 |
_cBK _2lcc |
||